Datum a čas kvízu
37
Celkem bodů
Celkový počet nahraných bodů na tomto kvízu bez doplňovacích otázek.
4.
Pořadí na kvízu
Konečné umístění týmu na tomto kvízu.
Zaznamenané odpovědi
| # | Otázka | Odpověď | Body | Výsledky |
|---|---|---|---|---|
| 1. | V pátek přejel první vlak přes... | Orlík | 1 | |
| 2. | Během návštěvy Vladimira Putin... | v Kazachstánu | 1 | |
| 3. | Počátkem týdne byl představen... | Marek Ztracený, Ester Ledecká | 1 | |
| 4. | Ve čtvrtek byly vyhlášeny výsl... | Zásilkovna | 1 | |
| 5. | Při zápase brazilské fotbalové... | pódium (stage) | 0 | |
| 6. | Začneme mladším (a slavnějším)... | Krakatit | 1 | |
| 7. | Josef Čapek byl především malí... | C | 0 | |
| 8. | Přiřaďte k těmto literárním dí... | 1B 2A 3C 4D | 0 | |
| 9. | Doplňte dvouslovný název třetí... | Obyčejný život | 0 | |
| 10. | Napište název dramatu, jehož z... | Matka | 1 |